00465nam a2200193 a 4500001001300000003000900013005001700022008004100039020001200080082001300092100001700105245002100122260003700143300000800180500003500188505001700223650001400240700001700254nice12345678IN_TiNIC20260116012050.0050524s1968 lona grp 000 0 eng  ac169.200a243bPRI aPrime, Derek aThis Way to Life aLondonbHodder & Stoughtonc1968 a95p aincludes index and biblioraphy2 aBibliography aSalvation1 aPrime, Derek